Lex, defendere, municeps... : documentos medievales sobre judíos en Tierra de Campos (de 1375-1529) /
Salvato in:
| Natura: | Elettronico eBook |
|---|---|
| Lingua: | spagnolo |
| Pubblicazione: |
Madrid :
Editorial Dykinson, S.L.,
[2019]
|
| Serie: | Ciencias jurídicas y sociales.
|
| Soggetti: | |
| Accesso online: | Digitalia Hispánica |
| Tags: |
Aggiungi Tag
Nessun Tag, puoi essere il primo ad aggiungerne!!
|
MARC
| LEADER | 00000nam a2200000Ii 4500 | ||
|---|---|---|---|
| 001 | DIGDYK1787 | ||
| 003 | NyNyDIG | ||
| 006 | m o d | ||
| 007 | cr ||||||||||| | ||
| 008 | 220912s2019 sp o 000 0 spa d | ||
| 035 | |a (OCoLC)1283848962 | ||
| 040 | |a DGITA |b eng |e rda |e pn |c DGITA | ||
| 020 | |a 9788413244211 |q pdf | ||
| 020 | |z 9788413242507 | ||
| 043 | |a e-sp--- | ||
| 050 | 1 | 4 | |a KKT6052 ebook |
| 245 | 0 | 0 | |a Lex, defendere, municeps... : |b documentos medievales sobre judíos en Tierra de Campos (de 1375-1529) / |c Susana del Rey Granell. |
| 264 | 1 | |a Madrid : |b Editorial Dykinson, S.L., |c [2019] | |
| 300 | |a 1 online resource. | ||
| 336 | |a text |b txt |2 rdacontent | ||
| 337 | |a computer |b c |2 rdamedia | ||
| 338 | |a online resource |b cr |2 rdacarrier | ||
| 347 | |a text file |2 rdaft | ||
| 347 | |b PDF | ||
| 490 | 1 | |a Ciencias jurídicas y sociales | |
| 500 | |a "Universidad Rey Juan Carlos, Servicio de Publicaciones"--Cover. | ||
| 588 | 0 | |a Online resource; title from PDF title page (Digitalia, viewed September 12, 2022) | |
| 650 | 0 | |a Commercial law |z Spain |z Tierra de Campos Region |x History |y To 1500 |v Sources. | |
| 650 | 0 | |a Jews |x Legal status, laws, etc. |z Spain |x History |y To 1500 |v Sources. | |
| 650 | 0 | |a Jews |x Commerce |z Spain |z Tierra de Campos Region |x History |y To 1500 |v Sources. | |
| 650 | 0 | |a Jews |z Spain |z Tierra de Campos Region |x History |y To 1500 |v Sources. | |
| 655 | 0 | |a Electronic books. | |
| 791 | 2 | |a Digitalia (Firm), |e distributor. | |
| 793 | 0 | |g Digitalia eBook Collection: |a Dykinson Editorial | |
| 776 | 0 | 8 | |i Print version: |t Lex, defendere, municeps. |d Madrid : Editorial Dykinson, S.L., [2019] |z 9788413242507 |
| 830 | 0 | |a Ciencias jurídicas y sociales. | |
| 856 | 4 | 0 | |3 Digitalia Hispánica |u https://digitalia.unach.elogim.com/a/76619/ |
| 910 | |a Premium collection: 2022 | ||